समाजचित्रें (Record no. 33134)

MARC details
000 -LEADER
fixed length control field 00417nam a2200145Ia 4500
008 - FIXED-LENGTH DATA ELEMENTS--GENERAL INFORMATION
fixed length control field 090122s9999 xx 000 0 und d
082 ## - DEWEY DECIMAL CLASSIFICATION NUMBER
Item number 9057
Classification number 361.54
100 ## - MAIN ENTRY--PERSONAL NAME
Personal name केतकर
Numeration
Titles and other words associated with a name वि
245 ## - TITLE STATEMENT
Title समाजचित्रें
600 ## - SUBJECT ADDED ENTRY--PERSONAL NAME
Personal name केतकर
630 ## - SUBJECT ADDED ENTRY--UNIFORM TITLE
Uniform title समाजचित्रें
700 ## - ADDED ENTRY--PERSONAL NAME
Personal name केतकर
730 ## - ADDED ENTRY--UNIFORM TITLE
Uniform title समाजचित्रें
942 ## - ADDED ENTRY ELEMENTS (KOHA)
Koha item type Book
Holdings
Withdrawn status Lost status Damaged status Not for loan Home library Current library Date acquired Total Checkouts Full call number Barcode Date last seen Copy number Price effective from Koha item type
        Dombivali Granthasangrahalaya, Dombivali Dombivali Granthasangrahalaya, Dombivali 01/22/2009   9057 DOM-9057 01/22/2009 1 01/22/2009 Book